00828nam a2200193 a 450000100100000000500170001000800410002702000150006804000250008324500750010826000750018330000210025849000460027950400730032571000610039883000530045995201050051299900170061700004106620201002034607.0130917s1990 sp 000 0 spa d a8400070674 aDO-SdBNPbspacBNPHU00aDe Al-Andalus a la sociedad feudal: los repartimientos bajomedievales. aBarcelona :bConsejo Superior de Investigaciones Científicas,c1990. a153 p. ;c25 cm.1 aAnuario de estudios medievalesaanejov23 aIncluye referencias bibliográficas y notas al pie de las páginas2 aConsejo Superior de Investigaciones Científicas,94786 0aAnuario de estudios medievalespanejon23963964 001050718MOaGRbGRcCTd2013-09-17iLF1l0o p41066-10r2020-06-25w2020-06-25y1ZNo se presta c40556d40556